00572nam a2200193 a 450000500170000000800410001702000180005805000260007610000220010224500690012425000120019326000560020530000220026152100090028365000240029270000190031670000200033570000230035520140310183421.0070920s19uu xx 00 eng d a9789810699765 aHF 5429.6b.C854 2006 aCoughlan, Anne T. aA comprehensive study of Marketing Channels. /cAnne T. Coughian a7th ed. aJurong, Singapore :bPearson Education Asia,c2006. a555 p. :c23 cm.  aBSBA aMarketing channels. aAnderson, Erin aStern, Louis W. aEl-Ansary, Adel I.